00482nam a2200157Ia 450000500170000000800410001708200130005810000220007124500210009326000360011430000130015050000410016394200060020495200990021099900150030920250404052643.0240331s9999 xx 000 0 und d bSIVa894 aSivasankaran, T.K 0aVimarsana thamil aShivagangaibAnam Pvt Ltdc1993 a253 p ., aIllakiyya Thamil patriya Kadooraikal cL 001040708LaWERCLbWERCLcSSCd2024-03-31l0o 894.811 SIVp3688r2024-03-31w2024-03-31yL c4196d4196